Detalles MARC
| 000 -LÍDER |
| Campo fijo de descripción fija |
02285namaa22003617i 4500 |
| 001 - NÚMERO DE CONTROL |
| Campo de control |
768714001 |
| 003 - IDENTIFICADOR DEL NÚMERO DE CONTROL |
| Campo de control |
CO-MdFUSB |
| 005 - FECHA Y HORA DE LA ULTIMA TRANSACCIÓN |
| control field |
20260306145121.0 |
| 007 - CAMPO FIJO DE DESCRIPCIÓN FIJA--INFORMACIÓN GENERAL |
| Campo fijo de descripción fija |
cr aa aaaaa |
| 008 - ELEMENTOS DE LONGITUD FIJA -- INFORMACIÓN GENERAL |
| Campo fijo de descripción fija -- Información general |
260225s2025 ck ||||| |||| 00| 0 spa dd |
| 040 ## - FUENTE DE CATALOGACIÓN |
| Agencia de catalogación original |
CO-MdFUSB |
| Idioma de catalogación |
Español |
| Agencia que realiza la transcripción |
CO-MdFUSB |
| Agencia que realiza la modificación |
CO-MdFUSB |
| 041 ## - CÓDIGO DE IDIOMA |
| Código de idioma para texto/pista de sonido o título separado |
spa |
| 043 ## - CÓDIGO DE ÁREA GEOGRÁFICA |
| Código de área geográfica |
ck |
| 100 ## - ASIENTO PRINCIPAL--NOMBRE PERSONAL |
| Nombre personal |
Pascagaza Gacha, Paulo Stefano, |
| Títulos u otras palabras asociadas al nombre |
autor |
| 245 ## - TÍTULO |
| Título del Material |
Una interpretación del Salmo 77 a la luz de la perspectiva sociológica de la memoria colectiva de Maurice Halbwachs, y la perspectiva bíblico-teológica de זכר en el Salterio |
| Mención de responsabilidad, etc. |
/ Paulo Stefano Pascagaza Gacha ; asesorado por David Baer Potter |
| 264 #1 - PRODUCTION, PUBLICATION, DISTRIBUTION, MANUFACTURE, AND COPYRIGHT NOTICE |
| Lugar de procducción, publication, distribution, manufacture |
Medellín, Colombia : |
| Nombre del productor, publicador, distribuidor y manofactura |
FUSBC, |
| Fecha de producción, distribución, manufactura, o nota de copyright |
2025 |
| 300 ## - DESCRIPCIÓN FÍSICA |
| Extensión |
Recurso electrónico |
| 336 ## - TIPO DE CONTENIDO |
| Fuente |
rdacontent |
| Tipo de contenido |
texto |
| Content type code |
txt |
| 337 ## - TIPO DE MEDIO |
| Fuente |
rdamedia |
| Tipo de medio |
informático |
| Código |
c |
| 338 ## - TIPO DE SOPORTE |
| Fuente |
rdacarrier |
| rdacarrier |
remoto |
| Código |
cr |
| 502 ## - NOTA DE TESIS |
| Nota de Tesis |
Tesis de Maestría |
| Tipo de estudio |
Maestría en Interpretación Bíblica |
| Nombre de la Institución del grado |
Fundación Universitaria Seminario Bíblico de Colombia, |
| Año de graduación |
2025 |
| 504 ## - NOTA DE BIBLIOGRAFÍA, ETC. |
| Nota de bibliografía, etc |
Bibliografía (página 1) |
| 505 ## - NOTA DE CONTENIDO |
| Nota de contenido con formato preestablecido |
Perspectiva sociológica de la memoria colectiva según Maurice Halbwachs. -- Perspectiva bíblico-teológica de זכר y שכחׁלא־/אל en el Salterio. -- Interpretación interdisciplinar del Salmo 77. -- Conclusiones. |
| 506 ## - NOTA DE RESTRICCIONES DE ACCESO |
| Condiciones de acceso |
Acceso en línea |
| 520 ## - NOTA DE RESUMEN, ETC. |
| Nota de sumario, etc. |
La presente investigación presenta una interpretación interdisciplinar del Salmo 77 a la luz de la perspectiva sociológica de la memoria colectiva de Maurice Halbwachs y la perspectiva bíblico-teológica de זכר en el Salterio. Estas dos perspectivas contribuyen a concebir este salmo como un testimonio de la tradición escrita e inspirada de las memorias colectivas de la revelación y relación de Dios con su pueblo. Además, posibilitan una explicación alternativa al hecho de que recordar es una acción desorientadora que agrava la angustia del salmista (vv. 2-11), y también, es una acción re-orientadora que le trae esperanza (vv. 12-21).<br/> |
| 630 07 - ASIENTO SECUNDARIO DE MATERIA - TITULO UNIFORME |
| Título uniforme |
Biblia. |
| Nombre de parte o sección de la obra |
Salmos |
| Subdivisión general |
Crítica, interpretación, etc. |
| 653 ## - TERMINO DE INDIZACION - NO CONTROLADO |
| Término de indización no controlado |
Memoria colectiva. -- Maurice Halbwachs. -- Brevard Childs. -- זכר |
| 700 ## - ASIENTO SECUNDARIO - NOMBRE PERSONAL |
| Nombre personal |
Baer Potter, David Allen, |
| Responsabilidad |
asesor |
| 9 (RLIN) |
10227 |
| 856 ## - LOCALIZACIÓN Y ACCESO ELECTRÓNICOS |
| Nombre del sitio |
REPCI |
| 942 ## - TIPO DE MATERIAL (KOHA) |
| Tipo de Item KOHA |
Trabajos de Grado |
| 945 ## - CATALOGADOR |
| Catalogador |
JTF-925 |